Loading...
| History - European | 0 | 7 | 0 | 3 | 70 | 58 | 107.29 | 0 | 1 | 0.00 | 0.00 |
| Philosophy | 0 | 7 | 0 | 2 | 70 | 30 | 82.00 | 3 | 5 | 0.00 | 0.00 |
| Literature - American | 0 | 7 | 0 | 0 | 70 | 51 | 78.14 | 2 | 6 | 0.00 | 0.00 |
| Literature - European | 0 | 6 | 0 | 0 | 60 | 70 | 86.17 | 0 | 5 | 0.00 | 0.00 |
| Literature - World/Other | 0 | 6 | 0 | 1 | 60 | 72 | 97.33 | 0 | 6 | 0.00 | 0.00 |
| Mythology | 0 | 6 | 2 | 0 | 50 | 20 | 40.17 | 2 | 6 | 0.00 | 0.00 |
| Fine Arts - Visual | 0 | 5 | 0 | 1 | 50 | 51 | 81.20 | 1 | 3 | 0.00 | 0.00 |
| Science - Biology | 0 | 3 | 0 | 1 | 30 | 105 | 110.33 | 0 | 1 | 0.00 | 0.00 |
| Literature - British | 0 | 4 | 2 | 0 | 30 | 73 | 87.50 | 1 | 2 | 0.00 | 0.00 |
| History - Other | 0 | 3 | 1 | 0 | 25 | 29 | 63.00 | 1 | 3 | 0.00 | 0.00 |
| Fine Arts - Classical Music | 0 | 2 | 0 | 1 | 20 | 111 | 123.50 | 0 | 0 | 0.00 | 0.00 |
| Fine Arts - Other | 0 | 2 | 0 | 1 | 20 | 111 | 122.00 | 0 | 1 | 0.00 | 0.00 |
| Science - Other | 0 | 2 | 0 | 1 | 20 | 106 | 117.50 | 0 | 0 | 0.00 | 0.00 |
| Religion | 0 | 2 | 1 | 0 | 15 | 54 | 71.50 | 2 | 2 | 0.00 | 0.00 |
| History - American | 0 | 1 | 0 | 1 | 10 | 121 | 121.00 | 0 | 0 | 0.00 | 0.00 |
| Pop Culture | 0 | 1 | 0 | 0 | 10 | 135 | 135.00 | 0 | 1 | 0.00 | 0.00 |
| Other Academic | 0 | 1 | 0 | 1 | 10 | 129 | 129.00 | 0 | 0 | 0.00 | 0.00 |
| History - World | 0 | 1 | 0 | 0 | 10 | 100 | 100.00 | 0 | 0 | 0.00 | 0.00 |
| Social Science | 0 | 1 | 2 | 0 | 0 | 96 | 96.00 | 0 | 1 | 0.00 | 0.00 |
| Geography/Current Events | 0 | 0 | 1 | 0 | -5 | 0.00 | 0 | 0 | 0.00 | 0.00 |